Rozpoznávanie objektov a textúr metódami počítačového videnia a hlbokých neurónových sietí
Enregistré dans:
| Auteur principal: | |
|---|---|
| Autres auteurs: | |
| Format: | Manuscrit Livre |
| Langue: | slovaque |
| Publié: |
2020
|
| Sujets: | |
| Accès en ligne: | http://is.stuba.sk/zp/portal_zp.pl?podrobnosti=134711 |
| Tags: |
Pas de tags, Soyez le premier à ajouter un tag!
|
MARC
| LEADER | 00000ntm a22000003a 4500 | ||
|---|---|---|---|
| 001 | stuzp75092 | ||
| 003 | SK-STU | ||
| 005 | 20200620210442.7 | ||
| 007 | ta | ||
| 008 | 150427s2015----xo-----f-mn---000-0-slo-d | ||
| 040 | |a STU |b slo | ||
| 041 | 0 | |a slo | |
| 100 | 1 | |a Beňo, Viktor |u 070400 |4 aut |U FIIT Fakulta informatiky a informačných technológií |T FIIT Ústav počítačového inžinierstva a aplikovanej informatiky |X 85769 |U I400 |Y 672 |7 85769 | |
| 242 | 0 | 1 | |a Identification of objects and textures using computer vision and deep neural networks |y eng |
| 245 | 1 | 0 | |a Rozpoznávanie objektov a textúr metódami počítačového videnia a hlbokých neurónových sietí |
| 260 | |c 2020 | ||
| 650 | 4 | |a siamské neurónové siete |2 slo | |
| 650 | 4 | |a hlboké neurónové siete |2 slo | |
| 650 | 4 | |a augmentácia datasetu |2 slo | |
| 650 | 4 | |a podobnosť textúr |2 slo | |
| 650 | 4 | |a lokálne binárne vzory |2 slo | |
| 650 | 4 | |a siamese neural network |2 eng | |
| 650 | 4 | |a deep neural network |2 eng | |
| 650 | 4 | |a local binary patterns |2 eng | |
| 650 | 4 | |a dataset augmentation |2 eng | |
| 650 | 4 | |a texture similarity |2 eng | |
| 700 | 1 | |a Benešová, Vanda |u 070400 |k Z1 |4 ths |U FIIT Fakulta informatiky a informačných technológií |T FIIT Ústav počítačového inžinierstva a aplikovanej informatiky |X 63121 |U I400 |Y 672 |7 63121 | |
| 856 | 4 | |u http://is.stuba.sk/zp/portal_zp.pl?podrobnosti=134711 | |